000 01306cam a22003735a 4500
001 13638391
003 EG-ScBUE
005 20211118125234.0
008 040628s2003 onc f b 001 0 eng d
020 _a0802037100 (acid-free paper)
020 _a9780802037107
035 _a(CStRLIN)CTYA6204296-B
035 _a(CtY)6204296
040 _aBDS
_beng
_erda
_cBDS
_dUk
_dCStRLIN
_dCtY
_dDLC
_dEG-ScBUE
043 _an-cn---
082 0 4 _a810.9005
_bFRY
_222
100 1 _aFrye, Northrop,
_eauthor.
_939310
245 1 0 _aNorthrop Frye on Canada /
_cedited by Jean O'Grady and David Staines.
264 1 _aToronto :
_bUniversity of Toronto Press,
_c2003.
300 _axlviii, 741 pages ;
_c25 cm.
336 _2rdacontent
_atext
_btxt
337 _2rdamedia
_aunmediated
_bn
338 _2rdacarrier
_avolume
_bnc
490 0 _aCollected works of Northrop Frye ;
_vvolume 12
504 _aIncludes bibliographical references and index.
650 7 _aCanadian literature
_xHistory and criticism.
_2BUEsh
_937176
651 7 _aCanada
_xIntellectual life.
_2BUEsh
651 7 _aCanada
_xCivilization.
_2BUEsh
653 _bHHUUEENN
_cOctober2016
655 _vReading book
_934232
700 1 _aStaines, David,
_d1946-
_eeditor.
_941500
700 1 _aO'Grady, Jean,
_d1943-
_eeditor.
_941501
942 _2ddc
_cBB
999 _c22533
_d22505